000 00834nam a2200217 a 4500
005 20241012063708.0
008 061207s2005 mx r 000 0 spa d
035 _aUPN01000148550
049 _aCG
050 4 _aTD430
_bM3.2
100 1 _aMazari Hiriat, Marisa
245 1 3 _aEl agua y su impacto en la salud pública /
_cMarisa Mazari Hiriat, Blanca E. Jiménez Cisneros, Yolanda López Vidal.
260 _aMéxico :
_bUNAM,
_c2005.
300 _a91 p.
500 _aA la cabeza de la portada: "El programa agua, medio ambiente y sociedad está patrocinado por la Fundación Gonzalo Río arronte, L.A.P."
650 4 _aAGUA -
_xPURIFICACION
_91857
650 0 _aSalud pública
_zMéxico
_98367
700 1 _aJiménez Cisneros, Blanca Elena,
_d1958-
_ecoaut.
_937786
700 1 _aLópez Vidal, Yolanda,
_ecoaut.
905 _aLibro
999 _c120691
_d120691